Spelling of Letters - Statistics

General Stats
  • This quiz has been taken 19 times
  • The average score is 21 of 26
Answer Stats
Hint Answer % Correct
B Bee
100%
C Cee
100%
D Dee
100%
E Ee
94%
R Are
88%
F Eff
88%
L Ell
88%
M Emm
88%
N Enn
88%
S Ess
88%
J Jay
88%
K Kay
88%
P Pee
88%
T Tee
88%
V Vee
88%
A Ay
82%
G Gee
82%
O Oh
82%
Y Why
82%
U You
82%
Z Zee
82%
I Eye
76%
W Double You
59%
X Ecks
53%
H Aitch
41%
Q Kyou
12%
No matching quizzes found
Score Distribution
Percent of People with Each Score
Percentile by Number Answered
Your Score History
You have not taken this quiz